| 000 | 01027nam a22002537a 4500 | ||
|---|---|---|---|
| 003 | OSt | ||
| 005 | 20181001063656.0 | ||
| 008 | 180226b xxu||||| |||| 00| 0 spa d | ||
| 020 | _a9505690673 | ||
| 040 | _cPJ | ||
| 100 |
_92137 _aRivas, Adolfo Armando |
||
| 245 | 1 | 0 |
_aTratado de las tercerías : _bel proceso complejo / _cAdolfo Armando Rivas. |
| 260 |
_aBuenos Aires : _bÁbaco, _c1996. |
||
| 300 |
_a409 p. ; _c23 cm. |
||
| 500 | _aCitas y notas a pie de página. | ||
| 501 | _aLa biblioteca posee sólo el volumen 2 de la edición rústica.. | ||
| 505 | _aContenido: v. 2: Teoría general del litisconsorcio -- Liticonsorcios voluntarios -- El litisconsorcio por coadyuvación --El litisconsorcio necesario -- El litisconsorcio forzoso -- El litisconsorcio por exclusión. | ||
| 650 | 0 |
_91148 _aDERECHO PROCESAL CIVIL |
|
| 650 | 0 |
_92401 _aPROCESO JUDICIAL |
|
| 650 | 0 |
_92362 _aPARTES DEL PROCESO |
|
| 650 | 0 |
_92433 _aTERCERÍAS |
|
| 650 | 0 |
_92361 _aLITISCONSORCIO |
|
| 942 |
_2udc _cLIB _h347.91/.95 _iRIV |
||
| 999 |
_c1601 _d1601 |
||